000 01231nam a2200241Ii 4500
003 JO-AjNU
005 20240624124234.0
008 230605s9999||||xx |||||||||||||| ||und||
040 _aJO-AjNU
_bara
_erda
_cJO-AjNU
041 _aara
050 1 4 _aHV6773 2018
100 1 _aالفريحات، عماد حسين محمد
_eمعد
_965552
245 0 0 _aالقواعد القانونية لجرائم الاستغلال الجنسي الالكتروني للاطفال"دراسة مقارنة" ="Legal rules for the crimes of electronic exploitation of children "A comparative study /
_cاعداد عماد حسين محمد الفريحات؛ اشراف زيد ابراهيم الغرايبة
264 3 1 _a2018
300 _a110 ورقة
336 _atext
_btxt
_2rdacontent
337 _aunmediated
_bn
_2rdamedia
338 _avolume
_bnc
_2rdacarrier
500 _aرساله جامعيه (ماجستير في القانون) - جامعة عجلون الوطنيه (عجلون ، الاردن) ، كلية القانون تخصص القانون، 2018
650 4 _aالانترنت - الجريمة - المجرمون
_958772
700 1 _aالغرايبة، زيد ابراهيم
_eمشرف
_965199
942 _2lcc
_cTHS
999 _c29979
_d29979